000 00216nam a22000857a 4500
008 170127b xxu||||| |||| 00| 0 eng d
100 _92589
_aBasu.S.
245 _aGeneral Knowledge-5
260 _aNew delhi
_bBrittanica
_c2011
999 _c5724
_d5724